000 00690nam a22002297a 4500
005 20250916145005.0
008 201117b ||||| |||| 00| 0 eng d
020 _a9781732492264
040 _aNLN
_bEnglish
050 _aDT515.83.J76
_bA3
082 _a923.2
100 _aJONATHAN, Goodluck E.
_eaut
_919167
245 _aMy transition hours /
_cGoodluck Ebele Jonathan
260 _aNewyork, U.S.A :
_bEzekiel Books,
_c2018
300 _avii , 194p. :
_bcol. ill. , ports. ; 24cm
500 _aBibliography : p. 181-186
563 _a(pbk)
650 _aJonathan Goodluck Ebele 1957-
_910195
650 _aNIgeria
_xPolitics and government
_931513
700 _eaut
942 _cBK
_n0
999 _c3786
_d3786